[Event "BRA-ch U26"]
[Site "Goiania"]
[Date "2017.10.20"]
[Round "3"]
[White "Pedroso, Andre Lucio"]
[Black "Barros, Davi Matheus Costa"]
[Result "1-0"]
[WhiteElo "1836"]
[BlackElo "1786"]
[PlyCount "65"]
[EventDate "2017.10.19"]
[EventType "swiss"]
[EventRounds "7"]
[EventCountry "BRA"]
[SourceTitle "CBM 181 Extra"]
[Source "ChessBase"]
[SourceDate "2017.12.12"]
[SourceVersion "1"]
[SourceVersionDate "2017.12.12"]
[SourceQuality "1"]

1. d4 Nf6 2. Bg5 d5 3. Nd2 Bf5 4. e3 e6 5. Ngf3 Be7 6. c4 Nbd7 7. cxd5 exd5 8. Qb3 Nb6 9. a4 a5 10. Rc1 Rc8 11. Bd3 Bxd3 12. Qxd3 0-0 13. b3 c6 14. 0-0 Nbd7 15. Bf4 Nh5 16. Bg3 f5 17. Ne5 g6 18. Nxd7 Qxd7 19. Be5 Bf6 20. f4 Ng7 21. Nf3 Ne6 22. Rfd1 Qg7 23. Kf2 Bxe5 24. Nxe5 g5 25. g3 g4 26. Rh1 Rf6 27. h3 h5 28. hxg4 hxg4 29. Rh5 Kf8 30. Rch1 Ke8 31. Rh7 Rh6 32. R1xh6 Qxh6 33. Rxh6 1-0

[Event "Caioba Telecom op"]
[Site "Caioba"]
[Date "2016.08.27"]
[Round "3"]
[White "Pedroso, Andre Lucio"]
[Black "Machado, Amanda Garcia"]
[Result "1-0"]
[WhiteElo "1842"]
[BlackElo "1307"]
[PlyCount "73"]
[EventDate "2016.08.26"]
[EventType "swiss"]
[EventRounds "6"]
[EventCountry "BRA"]
[SourceTitle "CBM 174 Extra"]
[Source "ChessBase"]
[SourceDate "2016.10.10"]
[SourceVersion "1"]
[SourceVersionDate "2016.10.10"]
[SourceQuality "1"]

1. e4 c5 2. Nf3 d6 3. d4 cxd4 4. Nxd4 Nf6 5. Nc3 a6 6. f3 e6 7. Be3 Be7 8. Qd2 Nbd7 9. Be2 0-0 10. 0-0 Qc7 11. a4 e5 12. Nf5 Nc5 13. Rfd1 Bxf5 14. exf5 Rfd8 15. g4 d5 16. Bf2 d4 17. Na2 Nxa4 18. b3 Nc3 19. Nxc3 dxc3 20. Qe1 b5 21. Rxd8+ Rxd8 22. Rxa6 Rd2 23. Ra7 Qd6 24. Ra8+ Bf8 25. Rc8 Rxe2 26. Qxe2 Qd2 27. Qxd2 cxd2 28. Rd8 e4 29. Rxd2 exf3 30. Rd8 Nxg4 31. Bc5 h5 32. Rxf8+ Kh7 33. Rxf7 h4 34. Bd4 Kh6 35. h3 Kg5 36. Rxg7+ Kxf5 37. Rxg4 1-0

[Event "Curitiba CC 76 Anniversary"]
[Site "Curitiba"]
[Date "2014.02.01"]
[Round "4"]
[White "Ribeiro, Regina"]
[Black "Pedroso, Andre Lucio"]
[Result "1/2-1/2"]
[WhiteElo "2024"]
[BlackElo "1851"]
[PlyCount "62"]
[EventDate "2014.01.31"]
[EventType "swiss"]
[EventRounds "6"]
[EventCountry "BRA"]
[SourceTitle "CBM 158 Extra"]
[Source "ChessBase"]
[SourceDate "2014.02.28"]
[SourceVersion "1"]
[SourceVersionDate "2014.02.28"]
[SourceQuality "1"]

1. Nf3 c5 2. g3 Nc6 3. d4 d5 4. Bg2 Nf6 5. c4 dxc4 6. 0-0 cxd4 7. Qa4 Bd7 8. Qxc4 Rc8 9. Rd1 e6 10. Nxd4 Nxd4 11. Qxd4 Bc5 12. Qh4 Qb6 13. e3 0-0 14. Nc3 Bc6 15. Na4 Rfd8 16. Bd2 Qb5 17. Bxc6 Qxc6 18. Nxc5 Qxc5 19. Bc3 Qf5 20. Rxd8+ Rxd8 21. e4 Qf3 22. e5 Rd1+ 23. Rxd1 Qxd1+ 24. Kg2 Ng4 25. Qe7 Qd5+ 26. f3 Ne3+ 27. Kh3 h6 28. Qe8+ Kh7 29. Qxf7 Nf5 30. Kg2 Ne3+ 31. Kh3 Nf5 1/2-1/2

[Event "Foz do Iguacu op 3rd"]
[Site "Foz do Iguacu"]
[Date "2013.06.01"]
[Round "4"]
[White "Pedroso, Andre Lucio"]
[Black "Nunes, Sidney Jr"]
[Result "1-0"]
[WhiteElo "1803"]
[BlackElo "2021"]
[PlyCount "65"]
[EventDate "2013.05.31"]
[EventType "swiss"]
[EventRounds "6"]
[EventCountry "BRA"]
[SourceTitle "CBM 154 Extra"]
[Source "ChessBase"]
[SourceDate "2013.06.25"]
[SourceVersion "2"]
[SourceVersionDate "2013.06.25"]
[SourceQuality "1"]

1. d4 Nf6 2. Bg5 d6 3. e3 Nbd7 4. Nd2 c5 5. c3 g6 6. Bd3 Bg7 7. f4 a6 8. a4 Rb8 9. Ngf3 b5 10. axb5 axb5 11. 0-0 Qb6 12. f5 Bb7 13. Qe2 c4 14. Bc2 gxf5 15. Bxf5 e6 16. Bh3 Ne4 17. Bh4 h6 18. Nxe4 Bxe4 19. Nd2 Bg6 20. Bxe6 Nf8 21. Bd5 Nh7 22. Qf3 Qc7 23. Ne4 0-0 24. Ra6 Bxe4 25. Qxe4 Rbe8 26. Qf4 b4 27. h3 bxc3 28. bxc3 Kh8 29. Qf5 Rxe3 30. Be4 Ng5 31. Bxg5 hxg5 32. Qd5 Qe7 33. Qxc4 1-0

[Event "Parana-ch"]
[Site "Curitiba"]
[Date "2013.01.24"]
[Round "5"]
[White "Pedroso, Andre Lucio"]
[Black "Suemi Kawakami, Keila"]
[Result "1-0"]
[WhiteElo "1800"]
[BlackElo "1868"]
[PlyCount "33"]
[EventDate "2013.01.22"]
[EventType "swiss"]
[EventRounds "9"]
[EventCountry "BRA"]
[SourceTitle "CBM 152 Extra"]
[Source "ChessBase"]
[SourceDate "2013.02.25"]
[SourceVersion "1"]
[SourceVersionDate "2013.02.25"]
[SourceQuality "1"]

1. d4 Nf6 2. Nf3 e6 3. Bg5 Be7 4. Nbd2 0-0 5. e3 d5 6. Bd3 c5 7. c3 Nbd7 8. 0-0 b6 9. Ne5 Bb7 10. f4 Rc8 11. Rf3 Ne8 12. Bxh7+ Kh8 13. Bxe7 Qxe7 14. Rh3 Nef6 15. Bg6+ Kg8 16. Bxf7+ Rxf7 17. Ng6 1-0